| 000 | 02117nam a2200541 i 4500 | ||
|---|---|---|---|
| 001 | 7717 | ||
| 003 | KOSZ 005 | ||
| 005 | 20220222081506.0 | ||
| 008 | 220222s1975 pl a f f 001 0 pol | ||
| 015 | _aPB 1975/7142 | ||
| 035 | _a991022523719705066 | ||
| 035 | _a(PL-WaBN)b16072650-48omnis_nlop | ||
| 035 | _ab16072650 | ||
| 035 | _a(OCoLC)830552956 | ||
| 035 | _a(PL)b0000001607265 | ||
| 035 | _a(EXLNZ-48OMNIS_NETWORK)9910034702105606 | ||
| 040 |
_aWA N _cWA N _dKOSZ 005/EG _dKOSZ 005/RW |
||
| 041 | 1 |
_apol _heng |
|
| 046 | _k1971 | ||
| 080 | _a621.9.06 | ||
| 080 | _a62-5 | ||
| 080 | _a681.5 | ||
| 080 | _a(083.1) | ||
| 100 | 1 |
_aShah, Raymond _eAutor |
|
| 245 | 1 | 0 |
_aSterowanie numeryczne obrabiarek : _bporadnik / _cRaymond Shah ; tłumaczyli Barbara Szafarczyk, Maciej Szafarczyk ; [recenzent: doc. dr inż. Roman Madejski]. |
| 246 | 1 |
_iTytuł oryginału: _aNC guide, numerical control handbook, _f1971 |
|
| 260 |
_aWarszawa : _bWydawnictwa Naukowo-Techniczne, _c1975. |
||
| 300 |
_a146, [2] stron, [1] strona tablic : _bilustracje, tabele, wykresy ; _c17x24 cm. |
||
| 336 |
_aTekst _btxt _2rdacontent |
||
| 337 |
_aBez urządzenia pośredniczącego _bn _2rdamedia |
||
| 338 |
_aWolumin _bnc _2rdacarrier |
||
| 380 | _aKsiążki | ||
| 380 | _aPublikacje fachowe | ||
| 388 | 1 | _a1901-2000 | |
| 388 | 1 | _a1945-1989 | |
| 504 | _aBibliografia na stronie [143]. Indeks. | ||
| 521 | 8 | _aPoradnik przeznaczony jest dla inżynierów i techników, technologów oraz może być pomocny dla konstruktorów i studentów wydziałów mechanicznych, technologicznych. | |
| 650 | 7 |
_aObrabiarka sterowana numerycznie _2DBN |
|
| 655 | 7 |
_aPoradniki _2DBN |
|
| 658 | _aInżynieria i technika | ||
| 700 | 1 |
_aSzafarczyk, Barbara _eTłumaczenie |
|
| 700 | 1 |
_aSzafarczyk, Maciej _d(1931- ) _eTłumaczenie |
|
| 700 | 1 |
_aMadejski, Roman _eRecenzja |
|
| 710 | 2 |
_aWydawnictwa Naukowo-Techniczne _4pbl |
|
| 856 |
_uhttp://koha.tu.koszalin.pl/cgi-bin/koha/opac-detail.pl?biblionumber=7717 _yKatalog online BPK |
||
| 942 |
_2UKD _cKS |
||
| 999 |
_c7717 _d7717 |
||